Statistiques concernant Quiz sur moi

Cliquez ici pour prendre le quiz!

Statistiques générales

  • Ce quiz a été pris 17 fois
  • Le résultat moyen est 8 sur 15

Statistiques - réponses

QuestionRéponse% Correct
Mon mois de naissanceMars
93%
Je vais voir qui en concert en 2024 ?Taylor Swift
86%
Mon jeu préféré :Animal Crossing New Horizons
79%
Comment s'appelent mes chats ?Curieux et Minia
79%
Mon idole :Jean-Jacques Goldman
79%
Mon film préféré :Raiponce
64%
Mon type de livre préféré :Romance
50%
Ma couleur préférée :Rose
50%
Mon appli préférée :Youtube
50%
Mon hobby préféré :Crochet
43%
Qui est mon mari ?Son Goku
43%
Ma série préférée :Brooklyn 99
36%
Ma saison préférée :Printemps
36%
Ma boisson préférée :Coca zéro
21%
Mon style de mec :Les prêtres
21%

Distribution des résultats

Percentile par nombre de réponses

% des personnes avec chaque résultat

Votre développement - résultats

Vous n’avez pas pris ce quiz